000 00321nab a22001097u 4500
008 130520b1990 xxu||||| |||| 00| 0 spa d
041 _aspa
100 1 _aEsquivel, J. V.
_967492
245 0 0 _aLa mujer, conquistada y violada
_cJ. V. Esquivel
773 0 _tConcilium
_gV.2,1990,págs.439-449
_x0210-1041
_wRev134
942 _cAR
999 _c355560
_d355560